| Tag |
First Indicator |
Second Indicator |
Subfields |
| LEADER |
00000cam a2200000 4500 |
| 001 |
in00000021367 |
| 005 |
20151007062305.0 |
| 008 |
770401s1959 nyu 00001 eng |
| 010 |
|
|
|a 59001937
|
| 035 |
|
|
|a (OCoLC)02853458
|
| 035 |
|
|
|9 AAD4461AM
|
| 040 |
|
|
|a DLC
|c ROB
|d OCL
|d TXA
|d UtOrBLW
|
| 049 |
|
|
|a TXAM
|c [406570]
|
| 090 |
|
|
|a PR6005.O4
|b N54 1959
|
| 092 |
|
|
|a 823
|b C754ni
|
| 100 |
1 |
|
|a Conrad, Joseph,
|d 1857-1924.
|
| 245 |
1 |
4 |
|a The nigger of the Narcissus.
|
| 264 |
|
1 |
|a Garden City, N. Y. :
|b Doubleday,
|c 1959.
|
| 300 |
|
|
|a 190 pages ;
|c 22 cm.
|
| 336 |
|
|
|a text
|b txt
|2 rdacontent
|
| 337 |
|
|
|a unmediated
|b n
|2 rdamedia
|
| 338 |
|
|
|a volume
|b nc
|2 rdacarrier
|
| 999 |
|
|
|a MARS
|
| 999 |
f |
f |
|s 927b6d3b-fe8a-3412-91fb-0c644e4724fa
|i e1af11c2-b2dd-33e9-97d8-fffc3eb5b812
|t 0
|
| 952 |
f |
f |
|p normal
|a Texas A&M University
|b College Station
|c Sterling C. Evans Library
|s Evans stk
|d Evans: Library Stacks
|t 0
|e PR6005.O4 N54 1959
|h Library of Congress classification
|i unmediated -- volume
|m A14801315413
|
| 998 |
f |
f |
|a PR6005.O4 N54 1959
|t 0
|l Evans: Library Stacks
|